<?xml version="1.0" encoding="UTF-8"?>
<record
    xmlns:xsi="http://www.w3.org/2001/XMLSchema-instance"
    xsi:schemaLocation="http://www.loc.gov/MARC21/slim http://www.loc.gov/standards/marcxml/schema/MARC21slim.xsd"
    xmlns="http://www.loc.gov/MARC21/slim">

  <leader>00168nam a22000857a 4500</leader>
  <controlfield tag="003">SGT</controlfield>
  <datafield tag="245" ind1=" " ind2=" ">
    <subfield code="a">JAMA PSYCHIATRY</subfield>
  </datafield>
  <datafield tag="260" ind1=" " ind2=" ">
    <subfield code="a">USA</subfield>
    <subfield code="b">JAMA </subfield>
    <subfield code="c">2017 TO 2020</subfield>
  </datafield>
  <datafield tag="942" ind1=" " ind2=" ">
    <subfield code="2">ddc</subfield>
    <subfield code="c">BV</subfield>
  </datafield>
  <datafield tag="952" ind1=" " ind2=" ">
    <subfield code="0">0</subfield>
    <subfield code="1">0</subfield>
    <subfield code="2">ddc</subfield>
    <subfield code="4">0</subfield>
    <subfield code="7">1</subfield>
    <subfield code="8">MEDICAL</subfield>
    <subfield code="a">FM</subfield>
    <subfield code="b">FM</subfield>
    <subfield code="c">REF</subfield>
    <subfield code="d">2023-06-26</subfield>
    <subfield code="h">VOL-74, 2017</subfield>
    <subfield code="i">SGTU</subfield>
    <subfield code="p">PM1114</subfield>
    <subfield code="r">2023-06-26 00:00:00</subfield>
    <subfield code="w">2023-06-26</subfield>
    <subfield code="y">BV</subfield>
  </datafield>
  <datafield tag="952" ind1=" " ind2=" ">
    <subfield code="0">0</subfield>
    <subfield code="1">0</subfield>
    <subfield code="2">ddc</subfield>
    <subfield code="4">0</subfield>
    <subfield code="7">1</subfield>
    <subfield code="8">MEDICAL</subfield>
    <subfield code="a">FM</subfield>
    <subfield code="b">FM</subfield>
    <subfield code="c">REF</subfield>
    <subfield code="d">2023-06-26</subfield>
    <subfield code="h">VOL-74, 2017</subfield>
    <subfield code="l">0</subfield>
    <subfield code="p">PM1115</subfield>
    <subfield code="r">2023-06-26 00:00:00</subfield>
    <subfield code="w">2023-06-26</subfield>
    <subfield code="y">BV</subfield>
  </datafield>
  <datafield tag="952" ind1=" " ind2=" ">
    <subfield code="0">0</subfield>
    <subfield code="1">0</subfield>
    <subfield code="2">ddc</subfield>
    <subfield code="4">0</subfield>
    <subfield code="7">1</subfield>
    <subfield code="8">MEDICAL</subfield>
    <subfield code="a">FM</subfield>
    <subfield code="b">FM</subfield>
    <subfield code="c">REF</subfield>
    <subfield code="d">2023-06-26</subfield>
    <subfield code="h">VOL-75, 2018</subfield>
    <subfield code="p">PM1116</subfield>
    <subfield code="r">2023-06-26 00:00:00</subfield>
    <subfield code="w">2023-06-26</subfield>
    <subfield code="y">BV</subfield>
  </datafield>
  <datafield tag="952" ind1=" " ind2=" ">
    <subfield code="0">0</subfield>
    <subfield code="1">0</subfield>
    <subfield code="2">ddc</subfield>
    <subfield code="4">0</subfield>
    <subfield code="7">1</subfield>
    <subfield code="8">MEDICAL</subfield>
    <subfield code="a">FM</subfield>
    <subfield code="b">FM</subfield>
    <subfield code="c">REF</subfield>
    <subfield code="d">2023-06-26</subfield>
    <subfield code="h">VOL-75, 2018</subfield>
    <subfield code="i">SGTU</subfield>
    <subfield code="p">PM1117</subfield>
    <subfield code="r">2023-06-26 00:00:00</subfield>
    <subfield code="w">2023-06-26</subfield>
    <subfield code="y">BV</subfield>
  </datafield>
  <datafield tag="952" ind1=" " ind2=" ">
    <subfield code="0">0</subfield>
    <subfield code="1">0</subfield>
    <subfield code="2">ddc</subfield>
    <subfield code="4">0</subfield>
    <subfield code="7">1</subfield>
    <subfield code="8">MEDICAL</subfield>
    <subfield code="a">FM</subfield>
    <subfield code="b">FM</subfield>
    <subfield code="c">REF</subfield>
    <subfield code="d">2023-06-26</subfield>
    <subfield code="h">VOL-76, 2019</subfield>
    <subfield code="i">SGTU</subfield>
    <subfield code="p">PM1118</subfield>
    <subfield code="r">2023-06-26 00:00:00</subfield>
    <subfield code="w">2023-06-26</subfield>
    <subfield code="y">BV</subfield>
  </datafield>
  <datafield tag="952" ind1=" " ind2=" ">
    <subfield code="0">0</subfield>
    <subfield code="1">0</subfield>
    <subfield code="2">ddc</subfield>
    <subfield code="4">0</subfield>
    <subfield code="7">1</subfield>
    <subfield code="8">MEDICAL</subfield>
    <subfield code="a">FM</subfield>
    <subfield code="b">FM</subfield>
    <subfield code="c">REF</subfield>
    <subfield code="d">2023-06-26</subfield>
    <subfield code="h">VOL-76, 2019</subfield>
    <subfield code="i">SGTU</subfield>
    <subfield code="p">PM1119</subfield>
    <subfield code="r">2023-06-26 00:00:00</subfield>
    <subfield code="w">2023-06-26</subfield>
    <subfield code="y">BV</subfield>
  </datafield>
  <datafield tag="952" ind1=" " ind2=" ">
    <subfield code="0">0</subfield>
    <subfield code="1">0</subfield>
    <subfield code="2">ddc</subfield>
    <subfield code="4">0</subfield>
    <subfield code="7">1</subfield>
    <subfield code="8">MEDICAL</subfield>
    <subfield code="a">FM</subfield>
    <subfield code="b">FM</subfield>
    <subfield code="c">REF</subfield>
    <subfield code="d">2023-06-26</subfield>
    <subfield code="h">VOL-77, 2020</subfield>
    <subfield code="i">SGTU</subfield>
    <subfield code="p">PM1120</subfield>
    <subfield code="r">2023-06-26 00:00:00</subfield>
    <subfield code="w">2023-06-26</subfield>
    <subfield code="y">BV</subfield>
  </datafield>
  <datafield tag="952" ind1=" " ind2=" ">
    <subfield code="0">0</subfield>
    <subfield code="1">0</subfield>
    <subfield code="2">ddc</subfield>
    <subfield code="4">0</subfield>
    <subfield code="7">1</subfield>
    <subfield code="8">MEDICAL</subfield>
    <subfield code="a">FM</subfield>
    <subfield code="b">FM</subfield>
    <subfield code="c">REF</subfield>
    <subfield code="d">2023-06-26</subfield>
    <subfield code="h">VOL-77, 2020</subfield>
    <subfield code="i">SGTU</subfield>
    <subfield code="p">PM1121</subfield>
    <subfield code="r">2023-06-26 00:00:00</subfield>
    <subfield code="w">2023-06-26</subfield>
    <subfield code="y">BV</subfield>
  </datafield>
  <datafield tag="999" ind1=" " ind2=" ">
    <subfield code="c">24067</subfield>
    <subfield code="d">24067</subfield>
  </datafield>
</record>
